000 00462cam a2200193ua 4500
001 9880
008 161006n ii |||gr||||Z||||||asm
020 _a817339170X
040 _cMAIN
041 _aasm
082 _a491.451
100 _aKonwar, Arpana,
_eAuthor.
245 _aBhasha sahityar bibidh chinta
_cBy Arpana Konwar
250 _a2nd ed.
260 _aDibrugarh:
_bBanalata,
_c2013.
300 _a184p.
653 _aAssamese language
942 _cBK
999 _c8890
_d8890